[Event "Druzynowe Mistrzostwa Polski Juniorow - I Liga"]
[Site "Ustron"]
[Date "2011-06-27"]
[Round "3.1"]
[White "Sowul, Bartosz"]
[Black "Blaszkiewicz, Mateusz"]
[Result "1/2-1/2"]
[WhiteTitle "k"]
[BlackTitle "I"]
[WhiteElo "2178"]
[BlackElo "1901"]

1. d4 Nf6 2. c4 c5 3. d5 b5 4. cxb5 a6 5. b6 e6 6. Nc3 exd5 7. Nxd5 Nxd5 8. Qxd5
Nc6 9. e4 Be7 10. Bc4 O-O 11. Nf3 Rb8 12. O-O Rxb6 13. b3 d6 14. Bf4 Be6 15. Qd3
Bxc4 16. Qxc4 Bf6 17. Rad1 Nd4 18. Nxd4 Bxd4 19. Rfe1 Qf6 20. Be3 Bxe3 21. Rxe3
Re8 22. f3 Qe6 23. Rd5 a5 24. Red3 g6 25. Qc3 a4 26. Qa5 Rb4 27. Rxd6 Qe5 28.
Rd8 Rxd8 29. Qxd8+ Kg7 30. Qd5 Qa1+ 31. Rd1 Qxa2 32. Qe5+ Kh6 33. Qf4+ Kg7 34.
Qe5+ Kh6 35. Qxc5 Rb8 36. bxa4 Qxa4 37. Rc1 Qb3 38. h4 Qb2 39. Rc2 Qf6 40. Qe3+
Kg7 41. Qc3 Rb6 42. Kf2 Qxc3 43. Rxc3 h5 44. Ke3 Rb2 45. g3 Rg2 46. Kf4 f6 47.
Rc7+ Kh6 48. Rc6 Kg7 49. Rc7+ Kh6 50. Rc6 Kg7 51. g4 hxg4 52. fxg4 Rf2+ 53. Kg3
Re2 54. Kf3 Re1 55. g5 fxg5 56. hxg5 Rf1+ 57. Kg4 Kf7 58. Rd6 Rf2 59. e5 Rg2+
60. Kf4 Rf2+ 61. Ke4 Re2+ 62. Kd5 Rd2+ 63. Ke4 Re2+ 64. Kd4 Rg2 65. Rf6+ 1/2-1/2

[Event "Druzynowe Mistrzostwa Polski Juniorow - I Liga"]
[Site "Ustron"]
[Date "2011-06-27"]
[Round "3.2"]
[White "Chomski, Maciej"]
[Black "Pietruszewski, Marcin"]
[Result "0-1"]
[WhiteTitle "I"]
[BlackTitle "k"]
[WhiteElo "1842"]
[BlackElo "2111"]

1. d4 d5 2. c4 c6 3. Nf3 Nf6 4. Nc3 dxc4 5. a4 Bf5 6. Ne5 Nbd7 7. Nxc4 Nb6 8. Ne5
a5 9. f3 e6 10. e4 Bg6 11. Be2 Bb4 12. O-O O-O 13. Be3 Nfd7 14. Nxg6 hxg6 15.
Qb3 Qe7 16. Rfd1 f5 17. Na2 Bd6 18. Bf2 fxe4 19. fxe4 Bxh2+ 20. Kxh2 Rxf2 21.
Bf3 Qh4+ 22. Kg1 Rf8 23. Rd3 Qg3 24. Qxe6+ Kh7 25. Qg4 Rxg2+ 26. Bxg2 Qxg4 27.
Nc3 Rf4 28. Re1 Kg8 29. Rh3 Nf6 30. Rg3 Qh4 31. e5 Ng4 32. Bh3 Nf2 33. Ree3 Nxh3+
34. Rxh3 Qf2+ 35. Kh1 Qf1+ 36. Kh2 Rf2+ 37. Kg3 Qg2+ 38. Kh4 Rf4# 0-1

[Event "Druzynowe Mistrzostwa Polski Juniorow - I Liga"]
[Site "Ustron"]
[Date "2011-06-27"]
[Round "3.3"]
[White "Murawko, Katarzyna"]
[Black "Swiderski, Radoslaw"]
[Result "0-1"]
[WhiteTitle "I+"]
[BlackTitle "II+"]
[WhiteElo "1796"]
[BlackElo "1817"]

1. e4 e5 2. Nf3 Nc6 3. Bb5 a6 4. Ba4 Nf6 5. d3 b5 6. Bb3 Bc5 7. c3 d6 8. O-O Bb6
9. Nbd2 O-O 10. Re1 Bb7 11. Nf1 Nh5 12. Bg5 Qd7 13. Nh4 Nf4 14. Bxf4 exf4 15.
d4 g6 16. Qf3 Na5 17. Bc2 f5 18. Qxf4 fxe4 19. Qg4 Rae8 20. Qg5 c5 21. dxc5 Bxc5
22. Ne3 Nc4 23. Bb3 Re5 24. Qg3 Kh8 25. Bxc4 bxc4 26. Nxc4 Bxf2+ 27. Qxf2 Rxf2
28. Nxe5 dxe5 29. Kxf2 Qd2+ 30. Kg1 e3 31. Nf3 Qf2+ 32. Kh1 Bxf3 33. gxf3 Qxf3+
34. Kg1 Qf2+ 35. Kh1 Qxb2 36. c4 Qd4 37. Rec1 e2 38. Kg2 Kg7 39. Kf3 e1=Q 40.
Rxe1 Qxc4 41. a4 Qf4+ 42. Kg2 e4 43. Rf1 Qg4+ 44. Kf2 Kf6 45. a5 Ke5 46. Rad1
Qh3 47. Kg1 e3 48. Rfe1 Ke4 49. Rc1 Qg4+ 50. Kh1 Qf3+ 51. Kg1 Qf2+ 52. Kh1 e2
53. Ra1 Kd3 54. Reb1 h5 55. Ra3+ Kc2 56. Raa1 g5 57. Rc1+ Kd2 58. Rcb1 e1=Q+ 59.
Rxe1 Qxe1+ 60. Rxe1 Kxe1 61. Kg2 Kd2 62. Kf3 Kc3 63. Ke4 Kb4 64. Kf5 Kxa5 65.
Kxg5 Kb5 66. Kxh5 a5 0-1

[Event "Druzynowe Mistrzostwa Polski Juniorow - I Liga"]
[Site "Ustron"]
[Date "2011-06-27"]
[Round "3.4"]
[White "Witczak, Jakub"]
[Black "Buraczewski, Rafal"]
[Result "1/2-1/2"]
[WhiteTitle "II"]
[BlackTitle "II"]
[WhiteElo "1579"]
[BlackElo "1621"]

1. e4 c5 2. Nf3 e6 3. d4 cxd4 4. Nxd4 a6 5. Nc3 Qc7 6. Be3 d6 7. Qd2 Nf6 8. Nf3
Be7 9. O-O-O Nbd7 10. g4 b5 11. h4 Bb7 12. h5 h6 13. g5 hxg5 14. Bxg5 Rxh5 15.
Rxh5 Nxh5 16. Bxe7 Kxe7 17. Qg5+ Nhf6 18. Qxg7 Rc8 1/2-1/2

[Event "Druzynowe Mistrzostwa Polski Juniorow - I Liga"]
[Site "Ustron"]
[Date "2011-06-27"]
[Round "3.5"]
[White "Ostrowska, Dominika"]
[Black "Delekta, Anna"]
[Result "1/2-1/2"]
[WhiteTitle "k"]
[BlackTitle "I"]
[WhiteElo "1936"]
[BlackElo "1699"]

1. e4 e5 2. Nf3 Nc6 3. Bb5 a6 4. Ba4 Nf6 5. O-O b5 6. Bb3 Be7 7. Re1 d6 8. c3 Na5
9. Bc2 O-O 10. d3 Bg4 11. h3 Bh5 12. Nbd2 c5 13. Nf1 Qd7 14. Ng3 Bg6 15. d4 Rad8
16. Nh4 Qc7 17. d5 b4 18. cxb4 cxb4 19. Ngf5 Nb7 20. a3 bxa3 21. Rxa3 Rb8 22.
Nxe7+ Qxe7 23. Nxg6 fxg6 24. Rxa6 Nc5 25. Ra3 Rb4 26. Qe2 Nfxe4 27. Bxe4 Rxe4
28. Re3 Rd4 29. Rd1 Rdf4 30. Rf1 Qf7 31. Rc3 Re4 32. Be3 Qxd5 33. Rd1 Qe6 34.
f3 Rb4 35. Rxd6 Qxd6 36. Bxc5 Qb8 37. Bxb4 Qxb4 38. Qc4+ Qxc4 39. Rxc4 Rb8 40.
b4 Kf7 41. Kf2 Ke6 42. Ke3 g5 43. Kd3 h5 44. Kc3 Kf5 45. Rc7 g6 46. Kc4 g4 47.
hxg4+ hxg4 48. b5 gxf3 49. gxf3 g5 50. Rf7+ Kg6 51. Rc7 Kf5 52. Rf7+ Kg6 53. Rd7
Kf5 54. Kc5 Kf4 55. Rf7+ Ke3 56. Rf5 Rg8 57. Kd5 Rb8 58. Kc6 Rg8 59. b6 e4 60.
fxe4 Kxe4 61. Ra5 g4 62. b7 Rb8 63. Ra8 Rxb7 64. Kxb7 g3 65. Kc6 g2 66. Rg8 Kf3
67. Kd5 Kf2 68. Rf8+ Ke3 69. Rg8 Kf2 1/2-1/2

[Event "Druzynowe Mistrzostwa Polski Juniorow - I Liga"]
[Site "Ustron"]
[Date "2011-06-27"]
[Round "3.7"]
[White "Stankiewicz, Pawel"]
[Black "Adamowicz, Maciej"]
[Result "1-0"]
[WhiteTitle "I++"]
[BlackTitle "I+"]
[WhiteElo "2096"]
[BlackElo "1991"]

1. e4 c5 2. Nf3 Nc6 3. d4 cxd4 4. Nxd4 g6 5. c4 Bg7 6. Be3 Nf6 7. Nc3 d6 8. Be2
O-O 9. O-O Nxd4 10. Bxd4 Bd7 11. Qd2 Bc6 12. Bd3 a5 13. Rfe1 Nd7 14. Bxg7 Kxg7
15. Re3 Ne5 16. Rh3 h5 17. Be2 Bd7 18. Re3 a4 19. f4 Nc6 20. Kh1 Rh8 21. Rf1 Qa5
22. Rd3 Nb4 23. Rg3 Bg4 24. Bxg4 hxg4 25. Qd4+ f6 26. Nd5 Nc6 27. Qd1 f5 28. exf5
gxf5 29. Qe2 Rae8 30. Qe6 Nd4 31. Qd7 Qd8 32. Qxd8 Rxd8 33. Nxe7 Kf7 34. Rd3 Kxe7
35. Rxd4 Rh5 36. Re1+ Kd7 37. g3 Kc6 38. Rd5 Rdh8 39. Re2 R8h6 40. Ra5 Rh3 41.
Kg1 R3h5 42. Rxa4 d5 43. cxd5+ Kxd5 44. Rb4 b6 45. Rd2+ Kc5 46. Rbd4 Kc6 47. Rc2+
Kb7 48. b4 Re6 49. b5 Re1+ 50. Kg2 Re7 51. Rd5 Reh7 52. Kg1 Re7 53. Rcd2 Kc7 54.
Rc2+ Kb7 55. Re5 Rd7 56. Rce2 Rhh7 57. Rxf5 Rd1+ 58. Kg2 Rc7 59. Rg5 Rb1 60. Rxg4
Rxb5 61. Rg5 Rb4 62. Rge5 Rc3 63. h4 Ra4 64. h5 Ra8 65. R5e3 Rc5 66. g4 Rc4 67.
Kg3 1-0

[Event "Druzynowe Mistrzostwa Polski Juniorow - I Liga"]
[Site "Ustron"]
[Date "2011-06-27"]
[Round "3.8"]
[White "Gabryjalowicz, Jakub"]
[Black "Lukasiewicz, Aleksander"]
[Result "1-0"]
[WhiteTitle "I"]
[BlackTitle "I"]
[WhiteElo "1749"]
[BlackElo "1925"]

1. d4 d5 2. c4 e6 3. Nc3 Nf6 4. cxd5 exd5 5. Bg5 Be7 6. e3 O-O 7. Bd3 Nbd7 8. Nf3
c6 9. Qc2 Re8 10. h3 Nf8 11. O-O-O Be6 12. g4 Rc8 13. Kb1 a6 14. Bf5 Bxf5 15.
Qxf5 Ne4 16. Nxe4 dxe4 17. Bxe7 Qxe7 18. Nd2 Nd7 19. Nb3 Nf6 20. h4 Nd5 21. g5
Qe6 22. Qxe6 Rxe6 23. Nc5 Re7 24. a3 Rf8 25. Rhg1 f6 26. gxf6 Rxf6 27. Rg2 Rf3
28. Rdg1 a5 29. Nb3 b6 30. Nd2 Rf5 31. Kc1 Rh5 32. Rg4 Nf6 33. Rf4 Kf8 34. Rg5
Rh6 35. Re5 Ke8 36. Rxe7+ Kxe7 37. Nxe4 Nxe4 38. Rxe4+ Kd6 39. Rg4 Kd5 40. Kc2
Rf6 41. f4 Ke4 42. Kd2 g6 43. Ke2 h6 44. b3 c5 45. dxc5 bxc5 46. Rg1 Rb6 47. Rb1
a4 48. Rc1 axb3 49. Rxc5 Re6 50. Rb5 b2 51. Rxb2 Kd5 52. Kd3 Ra6 53. Rb3 Ke6 54.
e4 Kf6 55. Ke3 g5 56. hxg5+ hxg5 57. f5 Ke5 58. Kf3 Ra5 59. Ke3 Ra4 60. Kf3 Ra5
61. Rd3 Ra4 62. Rd5+ Kf6 63. Rd6+ Kf7 64. Re6 Rxa3+ 65. Kg4 Ra1 66. Kxg5 Rf1 67.
Ra6 Rg1+ 68. Kf4 Rb1 69. Ra7+ Ke8 70. e5 Rf1+ 71. Kg5 Rg1+ 72. Kf6 Rh1 73. Ke6
Kd8 74. f6 Rh6 75. Ra8+ Kc7 76. Ke7 Rh5 77. e6 Kb7 78. Rd8 Kc7 79. Rd7+ Kc6 80.
f7 Rh7 81. Ke8 Rh6 82. e7 1-0

[Event "Druzynowe Mistrzostwa Polski Juniorow - I Liga"]
[Site "Ustron"]
[Date "2011-06-27"]
[Round "3.9"]
[White "Grela, Kacper"]
[Black "Kowalski, Maciej"]
[Result "1/2-1/2"]
[WhiteTitle "II"]
[BlackTitle "II+"]
[WhiteElo "1728"]
[BlackElo "1720"]

1. e4 d5 2. exd5 Nf6 3. d4 Nxd5 4. c4 Nb6 5. c5 Nd5 6. Bc4 Nc6 7. Nc3 Be6 8. Bb5
g6 9. Nf3 Bg7 10. Bxc6+ bxc6 11. O-O O-O 12. Ne4 Bg4 13. Neg5 h6 14. Ne4 Rb8 15.
h3 Bxf3 16. Qxf3 Nb4 17. Qd1 Qd5 18. Nc3 Qxd4 19. Qxd4 Bxd4 20. Bxh6 Rfe8 21.
Rac1 Bxc5 22. Ne4 Bd4 23. Rc4 Bxb2 24. Rb1 Nd3 25. Rxc6 Be5 26. Rd1 Red8 27. Be3
Nb4 28. Rcc1 Nxa2 29. Rxd8+ Rxd8 30. Rb1 a5 31. g4 a4 32. Bc5 Nc3 33. Nxc3 Bxc3
34. Bxe7 Ra8 35. Ba3 c5 36. Rb5 Bd4 37. Bxc5 Bxc5 38. Rxc5 a3 39. Rc1 a2 40. Ra1
Kf8 41. h4 Ke7 42. Kg2 Ra3 43. f3 Ke6 44. Kg3 Kd5 45. Kf4 Ke6 46. Kg5 Ra5+ 47.
Kh6 Kf6 48. h5 gxh5 49. gxh5 Ra6 50. f4 Ra7 51. Kh7 Ra8 52. f5 Ra7 53. Kh6 Ra6
54. Kh7 Ra8 55. h6 Ra6 56. Kg8 Ra7 57. Kh8 Kxf5 58. h7 f6 59. Kg8 Ra8+ 60. Kg7
Ra7+ 61. Kg8 1/2-1/2

[Event "Druzynowe Mistrzostwa Polski Juniorow - I Liga"]
[Site "Ustron"]
[Date "2011-06-27"]
[Round "3.10"]
[White "Wacior, Maciej"]
[Black "Nowakowski, Artur"]
[Result "0-1"]
[WhiteTitle "II"]
[BlackTitle "II"]
[WhiteElo "1668"]
[BlackElo "1631"]

1. d4 Nf6 2. c4 g6 3. Nc3 Bg7 4. Nf3 d6 5. e3 O-O 6. Bd3 Nbd7 7. O-O e5 8. dxe5
dxe5 9. Qe2 Re8 10. Bc2 c6 11. Rd1 Qc7 12. h3 a5 13. e4 Nc5 14. Be3 Ne6 15. Na4
c5 16. Nc3 Nd4 17. Nxd4 exd4 18. Nb5 Qc6 19. Bf4 Nh5 20. Bh2 Be5 21. Bxe5 Rxe5
22. g4 Nf4 23. Qf3 g5 24. a3 Be6 25. b3 b6 26. Re1 Bd7 27. Rad1 Qh6 28. Kh2 Bxb5
29. cxb5 Qe6 30. a4 Re8 31. Rd2 Qd6 32. Kg1 R5e6 33. Qh1 Rh6 34. Rd3 Nxd3 35.
Bxd3 Qf4 36. Rd1 Ree6 37. Qg2 Ref6 38. Be2 Kg7 39. Bc4 Qf3 40. Rd3 Qe2 41. f3
Qe1+ 42. Kh2 Rh4 43. Rd2 Rfh6 44. Re2 Qc1 45. e5 Qf4+ 46. Kg1 Rxh3 47. e6 fxe6
48. Rxe6 Rxe6 49. Qxh3 Re3 50. Bf1 Rxf3 0-1

[Event "Druzynowe Mistrzostwa Polski Juniorow - I Liga"]
[Site "Ustron"]
[Date "2011-06-27"]
[Round "3.11"]
[White "Grochocinska, Urszula"]
[Black "Przybylska, Agata"]
[Result "1/2-1/2"]
[WhiteTitle "I+"]
[BlackTitle "II"]
[WhiteElo "1790"]
[BlackElo "1604"]

1. e4 e6 2. d4 d5 3. Nd2 Nf6 4. e5 Nfd7 5. f4 c5 6. c3 Nc6 7. Ndf3 Qb6 8. Ne2 cxd4
9. Nexd4 Be7 10. Bd3 Nc5 11. Bb1 f5 12. O-O Bd7 13. Ng5 Bxg5 14. Qh5+ g6 15. Qxg5
Nxd4 16. cxd4 Ne4 17. Bxe4 Qxd4+ 18. Kh1 fxe4 19. Re1 Qc5 20. Be3 Qe7 21. Qg4
O-O 22. Rac1 Rfc8 23. Bd4 a6 24. Bc3 Rc4 25. Qg3 Rac8 26. Qe3 Qc5 27. Qxc5 R4xc5
28. Rcd1 Bb5 29. Rd4 Rc4 30. Rdd1 Rd8 31. Kg1 Ra4 32. a3 a5 33. Kf2 Bd3 34. Ra1
Bc2 35. Re2 Bb3 36. Re3 Bc4 37. Bd4 b5 38. Bb6 Rb8 39. Ba7 Ra8 40. Bc5 Rc8 41.
Bb6 Rb8 42. Bc7 Rc8 43. Bd6 Bd3 44. b3 Rd4 45. Ree1 Bc2 46. Rac1 Rd2+ 47. Re2
Rxe2+ 48. Kxe2 Bd3+ 49. Kd1 Rxc1+ 50. Kxc1 a4 51. b4 Bf1 52. g3 Bh3 53. Kd2 Kg7
54. Bc5 Kh6 55. Ke3 Kh5 56. Kf2 Kg4 57. Be3 h6 58. Bd4 g5 59. Be3 gxf4 60. Bxf4
h5 61. Be3 Kf5 62. Bd4 Bg4 63. Bc3 Kg6 64. Bd4 Bf3 65. Bc3 Kg5 1/2-1/2

[Event "Druzynowe Mistrzostwa Polski Juniorow - I Liga"]
[Site "Ustron"]
[Date "2011-06-27"]
[Round "3.12"]
[White "Antolak, Julia"]
[Black "Dwilewicz, Katarzyna"]
[Result "1-0"]
[WhiteTitle "II+"]
[BlackTitle "I"]
[WhiteElo "1509"]
[BlackElo "1599"]

1. e4 c5 2. Nf3 e6 3. d4 cxd4 4. Nxd4 Nc6 5. Nc3 a6 6. Be2 Qc7 7. O-O Nf6 8. Bg5
Be7 9. Kh1 O-O 10. f4 d6 11. Nxc6 bxc6 12. Bd3 h6 13. Bxf6 Bxf6 14. Qe2 e5 15.
f5 Bb7 16. Bc4 Rfd8 17. Rad1 Rd7 18. Qg4 Rad8 19. Be6 Re7 20. Bb3 Kh8 21. Rf3
Red7 22. Rfd3 Qa5 23. h3 d5 24. exd5 cxd5 25. Ne4 Qb6 26. Ba4 Rc7 27. Rb3 Qa5
28. Nxf6 Rc4 29. Qh5 Qxa4 30. Rxb7 gxf6 31. Qxf7 Rd7 32. Rxd7 Qxd7 33. Qxd7 d4
34. Rd3 Rxc2 35. Rb3 Rc1+ 36. Kh2 Rh1+ 37. Kxh1 1-0

[Event "Druzynowe Mistrzostwa Polski Juniorow - I Liga"]
[Site "Ustron"]
[Date "2011-06-27"]
[Round "3.13"]
[White "Borawski, Jakub"]
[Black "Swiech, Przemyslaw"]
[Result "0-1"]
[WhiteTitle "II+"]
[BlackTitle "I++"]
[WhiteElo "1899"]
[BlackElo "2219"]

1. e4 c5 2. Nf3 Nc6 3. d4 cxd4 4. Nxd4 Nf6 5. Nc3 e5 6. Ndb5 d6 7. a4 Be6 8. Bg5
a6 9. Na3 Be7 10. Bxf6 Bxf6 11. Bc4 O-O 12. Nd5 Rc8 13. c3 Kh8 14. O-O Bg5 15.
Qe2 Ne7 16. Rfd1 Ng6 17. g3 f5 18. Nb6 Bxc4 19. Naxc4 Rc6 20. a5 fxe4 21. Qxe4
Qf6 22. Rf1 Qe6 23. Rad1 Bd8 24. Qd5 Qxd5 25. Rxd5 Bxb6 26. Nxb6 Ne7 27. Rd3 Kg8
28. Rfd1 Rd8 29. c4 g5 30. b4 Nf5 31. Rd5 Nd4 32. c5 Kf7 33. Nc4 Ke6 34. Rxd6+
Rdxd6 35. Nxd6 Rc7 36. h3 Rd7 37. Rb1 Kd5 38. Kg2 Nc6 39. Nc8 Rc7 40. Nb6+ Kd4
41. Rb3 e4 42. f3 Ne5 43. fxe4 Kxe4 44. Rb2 Nd3 45. Rb3 Kd4 46. Kf3 h5 47. Kg2
Re7 48. b5 Re2+ 49. Kf1 Re1+ 50. Kg2 Nxc5 51. Rb4+ Kd3 52. bxa6 bxa6 53. Na4 Ne4
54. Rb3+ Kc4 55. Rb8 Ra1 56. Nb6+ Kc5 57. Re8 Rxa5 58. Nd7+ Kd4 59. Rh8 Ra2+ 60.
Kg1 Nxg3 61. Rg8 Ne4 62. Rd8 Ke3 63. Re8 Kf4 64. h4 Rd2 65. Nb8 gxh4 66. Nxa6
h3 0-1

[Event "Druzynowe Mistrzostwa Polski Juniorow - I Liga"]
[Site "Ustron"]
[Date "2011-06-27"]
[Round "3.14"]
[White "Sobolewski, Bartosz"]
[Black "Zochowski, Kacper"]
[Result "1-0"]
[WhiteTitle "II+"]
[BlackTitle "I"]
[WhiteElo "1889"]
[BlackElo "1942"]

1. d4 Nf6 2. Nf3 e6 3. Bg5 d5 4. c4 h6 5. Bxf6 Qxf6 6. Nc3 Bb4 7. e3 O-O 8. Rc1
b6 9. cxd5 exd5 10. Be2 Qg6 11. O-O Bxc3 12. Ne5 Qd6 13. Rxc3 c5 14. Bf3 Bb7 15.
Qc2 Na6 16. Qf5 Rac8 17. Rfc1 Nb4 18. Qb1 f6 19. Ng6 Rfe8 20. a3 Na6 21. Qf5 Rcd8
22. Nf4 c4 23. Rxc4 dxc4 24. Bxb7 Nc7 25. Rxc4 Re5 26. Qc2 Re7 27. Be4 f5 28.
Rc6 Qd7 29. Bxf5 Qxd4 30. Bh7+ Kf8 31. Qf5+ Qf6 32. Rxf6+ 1-0

[Event "Druzynowe Mistrzostwa Polski Juniorow - I Liga"]
[Site "Ustron"]
[Date "2011-06-27"]
[Round "3.15"]
[White "Smolarczyk, Tomasz"]
[Black "Marczuk, Dominik"]
[Result "0-1"]
[WhiteTitle "II"]
[BlackTitle "I"]
[WhiteElo "1575"]
[BlackElo "1924"]

1. e4 c5 2. Nf3 Nc6 3. d4 cxd4 4. Nxd4 Nf6 5. Nc3 e5 6. Ndb5 d6 7. a4 Be6 8. Bg5
a6 9. Na3 Be7 10. Bxf6 Bxf6 11. Bc4 O-O 12. Nd5 Bg5 13. O-O Rc8 14. c3 Ne7 15.
Qd3 Kh8 16. Rfd1 Ng6 17. g3 f5 18. Nb6 Qxb6 19. Bxe6 fxe4 20. Qe2 Rxf2 21. Qxf2
Be3 22. Bxc8 Bxf2+ 23. Kf1 e3 24. Nc4 Qc6 25. Nxd6 Qf3 26. Re1 Bxg3+ 27. Kg1 Qf2+
28. Kh1 Qxh2# 0-1

[Event "Druzynowe Mistrzostwa Polski Juniorow - I Liga"]
[Site "Ustron"]
[Date "2011-06-27"]
[Round "3.16"]
[White "Jajte-pachota, Maciej"]
[Black "Szostko, Jakub"]
[Result "1-0"]
[WhiteTitle "II"]
[BlackTitle "II"]
[WhiteElo "1685"]
[BlackElo "1610"]

1. Nf3 d5 2. g3 Nf6 3. Bg2 Bf5 4. O-O e6 5. c4 Be7 6. d4 O-O 7. Nc3 c6 8. Qb3 Qb6
9. Qxb6 axb6 10. Ne5 Bd6 11. Re1 Rd8 12. cxd5 exd5 13. h3 h5 14. Bg5 Be7 15. g4
hxg4 16. hxg4 Be6 17. f4 Re8 18. f5 Bc8 19. e4 dxe4 20. Nxe4 Nxe4 21. Bxe7 Rxe7
22. Rxe4 Na6 23. Rae1 Nc7 24. Nc4 Rxe4 25. Rxe4 g6 26. Nxb6 Rb8 27. Re7 Nd5 28.
Bxd5 cxd5 29. Re8+ Kg7 30. Rxc8 Rxc8 31. Nxc8 gxf5 32. gxf5 Kf6 33. Nd6 b6 34.
Kf2 b5 35. Kf3 b4 36. a3 bxa3 37. bxa3 Ke7 38. Nxf7 Kxf7 39. Kf4 Kf6 40. a4 Ke7
41. Ke5 Kd7 42. f6 Ke8 43. Ke6 Kf8 44. a5 Ke8 45. a6 Kf8 46. a7 Kg8 47. a8=R+
Kh7 48. f7 Kh6 49. f8=Q+ Kg5 50. Qf5+ Kh4 51. Rh8+ Kg3 52. Rg8+ Kh2 53. Qh5# 1-0

[Event "Druzynowe Mistrzostwa Polski Juniorow - I Liga"]
[Site "Ustron"]
[Date "2011-06-27"]
[Round "3.17"]
[White "Gorbacz, Dominika"]
[Black "Wozniak, Mariola"]
[Result "0-1"]
[WhiteTitle "II+"]
[BlackTitle "WCM"]
[WhiteElo "1620"]
[BlackElo "1788"]

1. e4 c5 2. Nf3 d6 3. d4 cxd4 4. Nxd4 Nf6 5. Nc3 a6 6. a4 e6 7. Be2 Be7 8. f4 Nc6
9. Nb3 b6 10. O-O Bb7 11. Bf3 Qc7 12. Qe2 O-O 13. g4 Nd7 14. Be3 Nc5 15. Bg2 Nb4
16. Nd4 Rfd8 17. g5 d5 18. Rf3 Nxe4 19. Nxe4 dxe4 20. Rh3 g6 21. Qf2 Rac8 22.
f5 exf5 23. Nxf5 Bc5 24. Nh6+ Kf8 25. Rf1 Bxe3 26. Rxe3 Bd5 27. Bxe4 Bc4 28. Rfe1
Re8 29. Qf6 Qe5 30. Qxe5 Rxe5 31. h4 Be6 32. c3 Nc6 33. Bxc6 Rxe3 34. Rxe3 Rxc6
35. Re4 Rd6 36. Re2 Rd3 37. Kg2 Rd1 38. Kg3 Rg1+ 39. Kf4 Rh1 40. Ke5 Rxh4 41.
Re4 Rxe4+ 42. Kxe4 Kg7 43. Ke5 b5 44. a5 Bh3 45. Kd6 f6 46. gxf6+ Kxf6 47. Ng8+
Kf7 48. Ne7 Bg2 49. Nc8 h5 50. Ke5 g5 51. Nd6+ Kg6 52. b4 h4 53. Nf5 h3 0-1

[Event "Druzynowe Mistrzostwa Polski Juniorow - I Liga"]
[Site "Ustron"]
[Date "2011-06-27"]
[Round "3.18"]
[White "Marczuk, Anna"]
[Black "Rudnik, Anna"]
[Result "1-0"]
[WhiteTitle "II+"]
[BlackTitle "II+"]
[WhiteElo "1628"]
[BlackElo "1594"]

1. e4 e5 2. Nf3 Nc6 3. Bb5 Nf6 4. O-O Be7 5. Re1 d6 6. c3 O-O 7. d4 Bd7 8. Ba4
Nb8 9. dxe5 dxe5 10. Nxe5 c6 11. Bb3 Qc8 12. Nxd7 Nbxd7 13. e5 Ne8 14. e6 Qd8
15. Qxd7 fxe6 16. Qxe6+ Kh8 17. Qxe7 Nf6 18. Qxd8 Raxd8 19. Bg5 h6 20. Bxf6 Rxf6
21. f3 1-0

[Event "Druzynowe Mistrzostwa Polski Juniorow - I Liga"]
[Site "Ustron"]
[Date "2011-06-27"]
[Round "3.19"]
[White "Duda, Jan-krzysztof"]
[Black "Lis, Marek"]
[Result "1-0"]
[WhiteTitle "FM"]
[BlackTitle "I++"]
[WhiteElo "2295"]
[BlackElo "2116"]

1. e4 c5 2. Nf3 Nc6 3. d4 cxd4 4. Nxd4 d5 5. Bb5 dxe4 6. Nxc6 Qxd1+ 7. Kxd1 a6
8. Ba4 Bd7 9. Nc3 Bxc6 10. Bxc6+ bxc6 11. Nxe4 e5 12. Ke2 f5 13. Nd2 Bd6 14. Re1
Nf6 15. Nc4 O-O-O 16. Kf1 Rhe8 17. Bg5 Re6 18. Bxf6 gxf6 19. Rad1 f4 20. Rd3 Bb4
21. Rxd8+ Kxd8 22. c3 Bc5 23. g3 fxg3 24. hxg3 Re7 25. Ke2 Kd7 26. Rd1+ Kc7 27.
b4 Ba7 28. Nd6 e4 29. c4 c5 30. b5 Re6 31. Nf5 axb5 32. cxb5 Bb8 33. Ne3 Kb6 34.
a4 c4 35. Nxc4+ Kc5 36. Na5 f5 37. Rc1+ Kd5 38. Nb3 e3 39. Rc5+ Kd6 40. Rc6+ Kd5
41. Rxe6 Kxe6 42. Kxe3 Kd5 43. a5 Kc4 44. b6 1-0

[Event "Druzynowe Mistrzostwa Polski Juniorow - I Liga"]
[Site "Ustron"]
[Date "2011-06-27"]
[Round "3.20"]
[White "Lewtak, Damian"]
[Black "Sleczka, Bartosz"]
[Result "1-0"]
[WhiteTitle "I+"]
[BlackTitle "I"]
[WhiteElo "2080"]
[BlackElo "1895"]

1. d4 d5 2. c4 e6 3. Nc3 Nf6 4. cxd5 exd5 5. Bg5 Be7 6. e3 c6 7. Bd3 O-O 8. Qc2
Nbd7 9. Nge2 Re8 10. O-O Nf8 11. a3 g6 12. b4 a6 13. f3 Ne6 14. Bh4 Ng7 15. h3
Nf5 16. Bf2 Nd6 17. e4 dxe4 18. fxe4 Nh5 19. a4 Ng7 20. Rad1 Be6 21. e5 Nc8 22.
Ne4 Nb6 23. Qd2 Nd5 24. Rb1 Bf5 25. N2g3 Bxe4 26. Nxe4 Ne6 27. a5 Rc8 28. Bc4
Ng5 29. Nc5 Bxc5 30. bxc5 Ne4 31. Qe1 Nxf2 32. Qxf2 Rc7 33. Qf3 Re6 34. Rb3 Qd7
35. Rfb1 Kg7 36. Bxd5 cxd5 37. Rb6 Rxb6 38. axb6 Rc6 39. Rf1 Kf8 40. Qf4 Kg8 41.
Rf3 Re6 42. h4 Rc6 43. Qg5 Re6 44. h5 Kf8 45. Rf6 gxh5 46. Qxh5 Rxf6 47. exf6
Ke8 48. Qe5+ Kd8 49. Qb8+ 1-0

[Event "Druzynowe Mistrzostwa Polski Juniorow - I Liga"]
[Site "Ustron"]
[Date "2011-06-27"]
[Round "3.21"]
[White "Bus, Konrad"]
[Black "Lewtak, Dominik"]
[Result "1/2-1/2"]
[WhiteTitle "I"]
[BlackTitle "II+"]
[WhiteElo "1854"]
[BlackElo "1723"]

1. e4 c5 2. c3 d6 3. d4 cxd4 4. cxd4 Nf6 5. Nc3 e6 6. Bd3 Be7 7. Nge2 a6 8. O-O
O-O 9. Be3 Bd7 10. f3 Nc6 11. Qd2 Rc8 12. g4 h6 13. Rac1 Qa5 14. Bb1 b5 15. Nf4
Rfe8 16. Nd3 Kh8 17. Qf2 Nb4 18. Nxb4 Qxb4 19. a3 Qa5 20. d5 Bd8 21. dxe6 fxe6
22. Rcd1 Bc7 23. g5 hxg5 24. Bxg5 Bb6 25. Be3 Bxe3 26. Qxe3 b4 27. Ne2 bxa3 28.
bxa3 Qc5 29. Qxc5 dxc5 30. Nc3 Bb5 31. Rf2 Rcd8 32. Rfd2 Rxd2 33. Rxd2 Re7 34.
a4 Bc4 35. Kf2 Kg8 36. Rb2 Kf7 37. Ke3 Rd7 38. Rb6 Ne8 39. e5 Nc7 40. Be4 Ke7
41. Rc6 Nd5+ 42. Bxd5 exd5 43. Rxc5 d4+ 44. Ke4 Bb3 45. Nb1 d3 46. Nd2 Bxa4 47.
f4 Bb5 48. f5 Rd8 49. Ke3 Rd7 50. h4 Rd8 51. e6 g6 52. fxg6 Kxe6 53. h5 Kf6 54.
Ne4+ Ke7 55. Rc7+ Rd7 56. Rxd7+ Bxd7 57. Nd6 Be6 58. Kxd3 1/2-1/2

[Event "Druzynowe Mistrzostwa Polski Juniorow - I Liga"]
[Site "Ustron"]
[Date "2011-06-27"]
[Round "3.22"]
[White "Szeglowski, Tomasz"]
[Black "Kyc, Jerzy"]
[Result "1/2-1/2"]
[WhiteTitle "II+"]
[BlackTitle "II"]
[WhiteElo "1673"]
[BlackElo "1628"]

1. d4 Nf6 2. c4 g6 3. Nc3 d5 4. Bg5 Ne4 5. Bf4 Nxc3 6. bxc3 c6 7. e3 Bg7 8. h3
O-O 9. Nf3 dxc4 10. Bxc4 c5 11. O-O cxd4 12. cxd4 b6 13. Rc1 Bb7 14. d5 Ba6 15.
Qa4 Bxc4 16. Qxc4 Nd7 17. Nd4 Nc5 18. Nc6 Qd7 19. Rfd1 Kh8 20. e4 f5 21. e5 e6
22. Nb4 exd5 23. Nxd5 Qf7 24. Be3 Rac8 25. Bd4 Qe6 26. Nf4 Qxc4 27. Rxc4 Ne4 28.
Rdc1 Rxc4 29. Rxc4 Re8 30. f3 Nc5 31. Bxc5 bxc5 32. Rxc5 Bxe5 33. Rc4 Rb8 34.
Nd3 Bg3 35. Kf1 Re8 36. Nf2 Kg7 37. Rc1 Re3 38. Nh1 Bd6 39. Kf2 Ra3 40. Rc2 Kf6
41. Ng3 a5 42. Nf1 Bb4 43. Ke2 Ke6 44. Ne3 Ra4 45. Nc4 Bc5 46. Kd3 Kd5 47. a3
Bd4 48. Rc1 Bc5 49. Rc3 Bd4 1/2-1/2

[Event "Druzynowe Mistrzostwa Polski Juniorow - I Liga"]
[Site "Ustron"]
[Date "2011-06-27"]
[Round "3.23"]
[White "Tracz, Marcelina"]
[Black "Cyboran, Katarzyna"]
[Result "0-1"]
[WhiteTitle "II+"]
[BlackTitle "I++"]
[WhiteElo "1685"]
[BlackElo "1806"]

1. e4 c5 2. Nf3 Nc6 3. d4 cxd4 4. Nxd4 d5 5. Bb5 dxe4 6. Nxc6 Qxd1+ 7. Kxd1 a6
8. Ba4 Bd7 9. Nxe7 Kxe7 10. Bg5+ f6 11. Bxd7 Rd8 12. Be3 Rxd7+ 13. Nd2 Ke6 14.
Ke2 f5 15. Nb3 Nf6 16. Rad1 Nd5 17. c3 Be7 18. Rd2 Rhd8 19. Rhd1 f4 20. Bd4 g5
21. a3 b5 22. Na5 Rc8 23. Rc2 Bd6 24. g3 h5 25. c4 Ne7 26. b4 f3+ 27. Ke1 Nf5
28. c5 Bxg3 29. hxg3 Rxd4 30. Rxd4 Nxd4 31. Rd2 Ke5 32. Nb7 h4 33. gxh4 gxh4 34.
Nd6 Rg8 35. Rxd4 Kxd4 36. Nf5+ Kd3 37. Kf1 h3 38. Ng3 h2 0-1

[Event "Druzynowe Mistrzostwa Polski Juniorow - I Liga"]
[Site "Ustron"]
[Date "2011-06-27"]
[Round "3.25"]
[White "Zmarzly, Aleksandra"]
[Black "Wandzik, Wojciech"]
[Result "0-1"]
[WhiteTitle "k+"]
[BlackTitle "k"]
[WhiteElo "2091"]
[BlackElo "2239"]

1. d4 f5 2. c4 Nf6 3. Nf3 g6 4. g3 Bg7 5. Bg2 d6 6. O-O O-O 7. Nc3 Nc6 8. b3 e5
9. d5 Ne7 10. Bb2 h6 11. b4 g5 12. Qb3 Kh8 13. Rfd1 Bd7 14. Rac1 Qe8 15. Nd2 Qh5
16. c5 Ng6 17. Nf1 f4 18. cxd6 cxd6 19. Ne4 Qxe2 20. Nxd6 Qa6 21. Ne4 Ba4 22.
b5 Bxb3 23. bxa6 Bxd1 24. Rxd1 bxa6 25. Ba3 Rfd8 26. Nd6 Rd7 27. Nd2 Bf8 28. N2c4
Rad8 29. Ne4 Nxe4 30. Bxe4 Bxa3 31. Bxg6 Rxd5 32. Rxd5 Rxd5 33. Nxa3 f3 34. h3
Rd1+ 35. Kh2 Kg7 36. Be4 Rd4 37. Bc6 h5 38. g4 h4 0-1